Personal Phone Locator (Record no. 18340)

MARC details
000 -LEADER
fixed length control field 00298nam a2200133Ia 4500
008 - FIXED-LENGTH DATA ELEMENTS--GENERAL INFORMATION
fixed length control field 221030s9999 xx 000 0 und d
041 ## - LANGUAGE CODE
Language code of text/sound track or separate title
082 ## - DEWEY DECIMAL CLASSIFICATION NUMBER
Classification number 105.6
100 ## - MAIN ENTRY--AUTHOR NAME
Personal name Rahil/ 1687
245 #0 - TITLE STATEMENT
Title Personal Phone Locator
Statement of responsibility, etc Vishnu/ 1603
260 ## - PUBLICATION, DISTRIBUTION, ETC. (IMPRINT)
Year of publication 0
650 ## - SUBJECT ADDED ENTRY--TOPICAL TERM
Topical Term Computers
942 ## - ADDED ENTRY ELEMENTS (KOHA)
Koha item type Thesis
Holdings
Accession Number Full call number Price effective from Koha item type Withdrawn / writtenoff status Materials specified (bound volume or other part) Damaged status Not for loan Permanent Location Current Location Shelving location Date acquired Lost/ Missing status department
MPR-1108 105.6 10/30/2022 Thesis   Print     MIET Library, Jammu MIET Library, Jammu BL-Academic Block - B, FL-2, CUP-0, SH-0, R-0 10/18/2019